Jó "gyapjútermésre" számítanak az újmajori juhászok
Elmentve itt :
| Dokumentumtípus: | Cikk |
|---|---|
| Megjelent: |
1963-05-19
|
| Sorozat: | Délmagyarország
53 No. 115 |
| Kulcsszavak: | Lantos József, Állattenyésztés Szeged és környéke 1963, Baks, állattenyésztés |
| Online Access: | http://dmarchiv.bibl.u-szeged.hu/68270 |
| LEADER | 00501nab a2200145 i 4500 | ||
|---|---|---|---|
| 001 | delm68270 | ||
| 005 | 20180927153758.0 | ||
| 008 | 180927s1963 hu o 0|| hun d | ||
| 040 | |a SZTE Délmagyarország Archívum |b hun | ||
| 041 | |a hun | ||
| 245 | 0 | 0 | |a Jó "gyapjútermésre" számítanak az újmajori juhászok |h [elektronikus dokumentum] |
| 260 | |c 1963-05-19 | ||
| 300 | |a 3 | ||
| 490 | 0 | |a Délmagyarország |v 53 No. 115 | |
| 695 | |a Lantos József, Állattenyésztés Szeged és környéke 1963, Baks, állattenyésztés | ||